000 00885nam a2200229Ia 4500
999 _c36457
_d36457
001 2372
003 GE_BSU
005 20190531162223.0
008 181216s2009||||ge |||||||||||||| ||geo||
020 _a9789941909943
040 _cGE_BSU
041 _ageo
080 _a343 ა–14
100 _aაბაშიძე, გივი
_91912
245 _aსახელმწიფო ბრალმდებელი პირველი ინსტანციის სასამართლოში /
_cგივი აბაშიძე; რედ. ნიკოლოზ გაბრიჩიძე
264 _aთბილისი :
_bინოვაცია,
_c2009.
300 _a115 გვ. ;
_b20 სმ.
541 _h6 ლ.
653 _aსამართალი
700 _aგაბრიჩიძე, ნიკოლოზ
_91911
942 _cBK
_2udc